000 00669nam a2200241Ia 4500
003 OSt
005 20220924124835.0
006 a|||||r|||| 00| 0
007 ta
008 220923b |||||||| |||| 00| 0 fre d
024 _a256324
037 _cTextual
040 _aARTS
_cARTS
_bfre
041 _2fre
_afre
082 _aV641:1:M8, 122K8
100 _aRandles W G L
_9115199
245 0 _aL'ancien royaume du Congo
_b des origines a la fin du xix siecle
260 _aParis
_bMouton and Co.
_c1968
300 _a275p
_ccm.
650 _aHISTORY
942 _hV641:1:M8, 122K8
_cTEXL
_2CC
999 _c421181
_d421181